| 000 | 00659nam a2200229Ia 4500 | ||
|---|---|---|---|
| 008 | 180523s9999 xx 000 0 und d | ||
| 020 | _a978-621415-043-1 | ||
| 050 | _aFIL PN 6014 | ||
| 050 | _b.B37 2016 | ||
| 100 | _aBaronda, Andrew John C. | ||
| 245 | 0 | _a21st century literature from the Philippines and the world / | |
| 245 | 0 | _cAndrew John C. Baronda. | |
| 260 | _aPhilippines : | ||
| 260 | _bJFS Publishing, | ||
| 260 | _c2016 | ||
| 300 | _a253 pages : | ||
| 300 | _billustrations ; | ||
| 300 | _c26 cm. | ||
| 500 | _aIncludes bibliographical references. | ||
| 650 | _aPhilippine literature. | ||
| 650 | _xLiterature -- Collected works. | ||
| 999 |
_c357868 _d357868 |
||